00358nam a22001337a 4500003000400000005001700004008004100021040000800062050001500070082001500085245006700100260004700167300001000214OSt20250306100425.0250306b |||||||| |||| 00| 0 eng d cDLC a230bV959B a230bV959B aBiblical Theology:bOld and New Testaments/cby Geerhardus Vos bWM. B. Eerdmans Publishing Company,c1948. a426p.